| 000 | 01818nam a22002657a 4500 | ||
|---|---|---|---|
| 008 | 130617s1860 ne ||||fr|||| 00| 0 lat d | ||
| 040 |
_cSandra Yazo (modificó) _dSandra Yazo (modificó) |
||
| 041 | _alat | ||
| 082 | 0 | 4 |
_220 _a340.54 |
| 092 | _aE27N029 | ||
| 100 | 1 |
_aReitz, Willem Otto, _d1702-1768 _939265 |
|
| 242 | 0 | 0 |
_aParáfrasis de Teófilo sobre las Instituciones de Justiniano _csegún el texto latino de Guillermo Otto Reitz ; Se anexan las Instituciones de Justiniano, con sus variantes, según la crítica de Enrique Schrader. _yspa |
| 245 | 1 | 0 |
_aTheopili Paraphrasis Justiniani Institutionum _csecundum versionem latinam G. O. Reitzii ; Accedunt Justiniani Institutiones cum variarum lectionum delectu ex recensione E. Schrader. |
| 250 | _aEditio nova [2a ed.] | ||
| 260 |
_aAmsterlodami [Amsterdam] _bapud Predericum Muller [Federico Muller] _c1860 |
||
| 300 |
_avii, 455 p. _c21 x 14 cm. |
||
| 500 | _aDetalles físicos: Encuadernación rígida en cartón forrado en cuero. Lomo con tejuelo, líneas repujadas y letras en dorado. Guardas papel de agua fino. Portada impresa en negro, con diferentes tipos de letras. Texto impreso en una sola columna, sobre papel de buena calidad con notas de pie de página. Márgenes amplios. En pág. 252 una hoja plegable. En portada varios sellos de tinta: “Doctor Alejandro Motta. ABOGADO. Calle 19 n° 68”. | ||
| 505 | _aInstituciones de Justiniano libros I – IV en texto latino parafraseado y comentado por Teófilo. | ||
| 506 | _aConsulta en sala | ||
| 546 | _aTexto en latín y expresiones en griego. | ||
| 600 |
_929958 _aJustiniano _cEmperador de Oriente _d482-565 _tInstituciones _xCrítica e interpretación |
||
| 650 |
_aDerecho romano _939266 |
||
| 700 | 1 |
_aSchrader, Enrique _939267 |
|
| 942 |
_cLIBRO _e1 _2DEWEY _h340.54 |
||
| 999 |
_c167706 _d167706 |
||